| 000 | 00898nam a2200193Ia 4500 | ||
|---|---|---|---|
| 001 | 7541 | ||
| 003 | GE_BSU | ||
| 008 | 181216s||||||||xx |||||||||||||| ||und|| | ||
| 040 | _cGE_BSU | ||
| 245 | _aსაპატრიარქოს უწყებანი.№27(686)2013. | ||
| 245 | _bპატრიარქის ქადაგება,ქრონიკა, ინფორმაცია და სხვა. | ||
| 245 | _cრედ:დეკანოზი დავით შარაშენიძე და სხვა. | ||
| 260 | _aთბილისი. | ||
| 260 | _bსაქართველოს საპატრიარქოს პრესცენტრის ყოველკვირეული გამოცემა. | ||
| 260 | _c2013-11-17 ივლისი. | ||
| 300 | _a20გვ;29სმ. | ||
| 653 | _aპერიოდიკა | ||
| 942 | _cCR | ||
| 999 |
_c40897 _d40897 |
||